[Event "Åpent Hordalandsmesterskap NGP"]
[Site "Bergen"]
[Date "2013.05.31"]
[Round "1"]
[White "Nilsen, Martin"]
[Black "Bue, Gunnar"]
[Result "1/2-1/2"]
[WhiteElo "1762"]
[BlackElo "1478"]
[PlyCount "120"]
[EventDate "2013.??.??"]

1. e4 d6 2. d4 Nf6 3. Nc3 g6 4. Nf3 Bg7 5. Be3 O-O 6. Bc4 c6 7. e5 dxe5 8. dxe5
Ng4 9. Bf4 b5 10. Nxb5 cxb5 11. Bd5 Qb6 12. Qd4 Nc6 13. Qxb6 axb6 14. Bxc6 Ra4
15. Bg3 Bf5 16. b3 Ra5 17. h3 Nh6 18. O-O Bxc2 19. Rfc1 Bd3 20. Rc3 Bf5 21. b4
Ra7 22. Bxb5 Be4 23. Bc6 Bxf3 24. Bxf3 Nf5 25. Bh2 Nd4 26. Rd1 Nxf3+ 27. gxf3
Rxa2 28. Rd7 e6 29. Rb7 Raa8 30. Rxb6 Rfb8 31. Rxb8+ Rxb8 32. Rb3 Rb5 33. f4
Bf8 34. Kg2 Rxb4 35. Rc3 Rb8 36. Kg3 Kg7 37. Rc7 h5 38. f3 Rb3 39. Bg1 Rb1 40.
Ba7 Rb3 41. Bd4 Rd3 42. Rc4 Kh6 43. Bb6 Kg7 44. Rc1 Rd7 45. Ba5 Be7 46. Rg1 Bf8
47. Bc3 Be7 48. Bb2 Bf8 49. f5 Kh7 50. fxg6+ fxg6 51. Rc1 Kg7 52. Rc4 g5 53. h4
Be7 54. hxg5 Bxg5 55. Bd4 Kg6 56. Bc5 Rc7 57. Rc3 Be7 58. Bd4 Rxc3 59. Bxc3 Kf5
60. f4 h4+ 
1/2-1/2

[Event "Åpent Hordalandsmesterskap NGP"]
[Site "Bergen"]
[Date "2013.05.31"]
[Round "1"]
[White "Stokke, Kjetil"]
[Black "Kyrkjebø, Hanna B"]
[Result "1-0"]
[WhiteElo "2347"]
[BlackElo "1567"]
[PlyCount "77"]
[EventDate "2013.??.??"]

1. d4 d5 2. c4 c6 3. Nf3 Nf6 4. Nc3 a6 5. e3 b5 6. c5 Nbd7 7. Qb3 e5 8. a4 Bb7
9. Na2 Qc7 10. Nb4 Be7 11. axb5 axb5 12. Rxa8+ Bxa8 13. Be2 O-O 14. O-O Bb7 15.
Qc3 e4 16. Nd2 Ra8 17. f3 exf3 18. Bxf3 Re8 19. Qb3 Bd8 20. Nb1 Ne4 21. Bxe4
Rxe4 22. Nc3 Rh4 23. g3 Rg4 24. Kg2 Nf6 25. Nd3 Nd7 26. e4 Bf6 27. Bf4 Qd8 28.
e5 Be7 29. Nd1 Rg6 30. Ne3 Bg5 31. Nf5 Re6 32. Nd6 Bxf4 33. Nxb7 Qc7 34. Nxf4
Qxb7 35. Nxe6 fxe6 36. Qf3 Qc8 37. Qf7+ Kh8 38. Qxd7 Qxd7 39. Rf8#
1-0

[Event "Åpent Hordalandsmesterskap NGP"]
[Site "Bergen"]
[Date "2013.05.31"]
[Round "1"]
[White "Dyrhovden, Sigve"]
[Black "Haldorsen, Benjamin"]
[Result "1/2-1/2"]
[WhiteElo "1549"]
[BlackElo "1900"]
[PlyCount "48"]
[EventDate "2013.??.??"]

1. d4 Nf6 2. Nf3 g6 3. g3 Bg7 4. Bg2 O-O 5. O-O d6 6. c4 Nc6 7. Nc3 a6 8. d5
Na5 9. Nd2 c5 10. e4 Rb8 11. Qe2 Ne8 12. f4 b5 13. Re1 e5 14. dxe6 fxe6 15. e5
dxe5 16. fxe5 Qd4+ 17. Qe3 Bxe5 18. Nf3 Nxc4 19. Nxd4 Bxd4 20. Qxd4 cxd4 21.
Ne4 Bb7 22. Nc5 Bxg2 23. Kxg2 Nf6 24. b3 Ne3+
1/2-1/2

[Event "Åpent Hordalandsmesterskap NGP"]
[Site "Bergen"]
[Date "2013.05.31"]
[Round "1"]
[White "Hølleland, Sigve"]
[Black "Sivertsen, Tom Andre"]
[Result "1/2-1/2"]
[WhiteElo "1633"]
[BlackElo "1435"]
[PlyCount "102"]
[EventDate "2013.??.??"]

1. c4 g6 2. Nc3 Bg7 3. g3 e6 4. Bg2 Ne7 5. e4 O-O 6. Nge2 c5 7. O-O Nbc6 8. a3
a6 9. Rb1 b6 10. b4 Qc7 11. d3 Nd4 12. Nxd4 cxd4 13. Ne2 e5 14. f4 d6 15. h3
Rb8 16. a4 Bd7 17. Ba3 Rfe8 18. b5 axb5 19. cxb5 Ra8 20. Rc1 Qb8 21. f5 f6 22.
g4 Kh8 23. Qb3 Rd8 24. g5 gxf5 25. Qf7 Ng8 26. exf5 Rxa4 27. Qb3 Ra5 28. Bc6
fxg5 29. Ng3 Nf6 30. Ne4 Nxe4 31. dxe4 Bf6 32. Bb4 Ra7 33. Qd5 Bc8 34. Ra1 Rg7
35. Ra8 Qc7 36. Rfa1 g4 37. R1a7 gxh3+ 38. Kh2 Qxa7 39. Rxa7 Rxa7 40. Bxd6 Rg7
41. Kxh3 h5 42. Ba8 Rgd7 43. Bxe5 Rxd5 44. Bxf6+ Kh7 45. Bxd5 Bxf5+ 46. Kh4 Rd7
47. Bxd4 Be6 48. Bxe6 Rxd4 49. Kxh5 Kg7 50. Bd5 Kf6 51. Kg4 Ke5
1/2-1/2

[Event "Åpent Hordalandsmesterskap NGP"]
[Site "Bergen"]
[Date "2013.05.31"]
[Round "1"]
[White "Våge, Edvard"]
[Black "Strand, Øyvin"]
[Result "1-0"]
[WhiteElo "1474"]
[BlackElo "1811"]
[PlyCount "87"]
[EventDate "2013.??.??"]

1. e4 g6 2. d4 Bg7 3. Nf3 d6 4. Bd3 Nd7 5. O-O c5 6. c3 Qc7 7. Re1 c4 8. Bc2 e5
9. b3 b5 10. d5 Ne7 11. bxc4 bxc4 12. Ba4 O-O 13. Bxd7 Bxd7 14. Na3 f5 15. Bg5
Bf6 16. Bh6 Rf7 17. Nd2 Qc5 18. Naxc4 fxe4 19. Qe2 Nf5 20. Nxe4 Qxd5 21. Rad1
Qe6 22. Bg5 Bb5 23. Nxf6+ Rxf6 24. Bxf6 Bxc4 25. Qe4 Rf8 26. Bg5 Bxa2 27. h4 a5
28. h5 h6 29. Bc1 gxh5 30. Rd2 Bb3 31. Ba3 a4 32. f4 Re8 33. fxe5 dxe5 34. Rf2
Nd6 35. Qc6 Nf7 36. Rf6 Qxc6 37. Rxc6 e4 38. Bc5 Kh7 39. Rc7 Kg6 40. Kf2 Ng5
41. Ke3 h4 42. Rh1 Kh5 43. Rg7 Ne6 44. g4#
1-0

[Event "Åpent Hordalandsmesterskap NGP"]
[Site "Bergen"]
[Date "2013.05.31"]
[Round "1"]
[White "Rasmussen, Jonas H"]
[Black "Merkesvik, Sondre"]
[Result "0-1"]
[WhiteElo "1624"]
[BlackElo "1928"]
[PlyCount "66"]
[EventDate "2013.??.??"]

1. d4 Nf6 2. c4 g6 3. Nc3 d5 4. Bg5 Ne4 5. Nxe4 dxe4 6. e3 Bg7 7. Ne2 c5 8. Nc3
h6 9. Bh4 cxd4 10. exd4 O-O 11. Nd5 Nc6 12. Be2 f5 13. O-O g5 14. Bg3 f4 15.
Bxf4 gxf4 16. Bg4 f3 17. Bxc8 Rxc8 18. gxf3 e6 19. Ne3 Nxd4 20. Kh1 Qh4 21.
fxe4 Nf3 22. Qd6 Rc6 23. Qg3 Qxg3 24. fxg3 Nd2 25. Rxf8+ Kxf8 26. Rd1 Nxc4 27.
Rf1+ Ke7 28. Ng2 Nd2 29. Rd1 Nxe4 30. Kg1 Bxb2 31. Rf1 Rc1 32. Ne1 Nd2 33. Ng2
Rxf1#
0-1

[Event "Åpent Hordalandsmesterskap NGP"]
[Site "Bergen"]
[Date "2013.05.31"]
[Round "1"]
[White "Berstad, Jørund"]
[Black "Lie, Terje"]
[Result "1-0"]
[WhiteElo "1679"]
[BlackElo "1383"]
[PlyCount "57"]
[EventDate "2013.??.??"]

1. d4 Nf6 2. c4 e6 3. Nf3 Nc6 4. Nc3 Bb4 5. Qc2 d5 6. e3 Ne4 7. Bd3 Nxc3 8.
bxc3 Be7 9. O-O O-O 10. Bxh7+ Kh8 11. Bd3 g6 12. Bd2 Kg7 13. Rae1 Rh8 14. e4 f5
15. cxd5 exd5 16. exf5 gxf5 17. Bxf5 Bf6 18. Ne5 Ne7 19. Bxc8 Rxc8 20. Qd1 Rh4
21. g3 Bxe5 22. gxh4 Bf6 23. Qg4+ Kf7 24. Qe6+ Kg6 25. h5+ Kxh5 26. Qxf6 Qg8+
27. Kh1 Qg6 28. Qxe7 Qf5 29. Re5
1-0

[Event "Åpent Hordalandsmesterskap NGP"]
[Site "Bergen"]
[Date "2013.05.31"]
[Round "1"]
[White "Grønnestad, Anita"]
[Black "Kyrkjebø, Marte B"]
[Result "1-0"]
[WhiteElo "1900"]
[BlackElo "1568"]
[PlyCount "99"]
[EventDate "2013.??.??"]

1. c4 e5 2. Nc3 Nc6 3. a3 g6 4. g3 Bg7 5. Bg2 d6 6. d3 f5 7. e3 Nf6 8. Nge2 O-O
9. O-O Be6 10. Nd5 Qd7 11. f4 Nd8 12. Nxf6+ Bxf6 13. Qc2 c6 14. Bd2 Nf7 15. d4
e4 16. b4 Qc7 17. Rab1 Rfc8 18. Rfc1 Bd7 19. Nc3 d5 20. cxd5 cxd5 21. Qa2 Qc4
22. Qb2 Be6 23. Bf1 Qc7 24. Nxd5 Qd8 25. Nxf6+ Qxf6 26. b5 Nd6 27. Qb4 Rd8 28.
Rc5 Rac8 29. Rbc1 Rxc5 30. dxc5 Nf7 31. Bc3 Qe7 32. Qb2 Rc8 33. Bf6 Qe8 34. a4
Bd7 35. Bc4 a6 36. Bh8 Qf8 37. Bd4 axb5 38. axb5 Qe8 39. Qb3 Rc7 40. Rd1 Rc8
41. Be5 Rd8 42. Bc7 Rc8 43. Bxf7+ Qxf7 44. Qxf7+ Kxf7 45. Rxd7+ Kg8 46. Rd8+
Rxd8 47. Bxd8 Kf7 48. c6 bxc6 49. b6 Ke8 50. b7 
1-0

[Event "Åpent Hordalandsmesterskap NGP"]
[Site "Bergen"]
[Date "2013.05.31"]
[Round "2"]
[White "Kyrkjebø, Erlend"]
[Black "Stokke, Kjetil"]
[Result "0-1"]
[WhiteElo "2020"]
[BlackElo "2347"]
[PlyCount "56"]
[EventDate "2013.??.??"]

1. e4 c5 2. Nf3 e6 3. b3 b6 4. Bb2 Bb7 5. Qe2 d6 6. d4 cxd4 7. Nxd4 Nf6 8. Nc3
a6 9. O-O-O Qc7 10. g4 Be7 11. g5 Nfd7 12. f4 Nc6 13. Nf5 exf5 14. Nd5 Qd8 15.
exf5 O-O 16. f6 Re8 17. fxg7 Bf6 18. Qh5 Bxb2+ 19. Kxb2 Ne7 20. Nxe7+ Qxe7 21.
Bd3 Be4 22. Rhe1 d5 23. Bxe4 dxe4 24. Re3 Kxg7 25. Qh6+ Kg8 26. Rh3 Nf8 27. f5
Qe5+ 28. Kb1 Qxf5
0-1

[Event "Åpent Hordalandsmesterskap NGP"]
[Site "Bergen"]
[Date "2013.05.31"]
[Round "2"]
[White "Merkesvik, Sondre"]
[Black "Våge, Edvard"]
[Result "1-0"]
[WhiteElo "1928"]
[BlackElo "1474"]
[PlyCount "53"]
[EventDate "2013.??.??"]

1. Nf3 Nf6 2. c4 e6 3. g3 c6 4. Bg2 d5 5. O-O Bd6 6. d4 O-O 7. Nc3 Nbd7 8. e4
Nxe4 9. Nxe4 dxe4 10. Ng5 Nf6 11. Nxe4 Nxe4 12. Bxe4 f5 13. Bg2 Bd7 14. Qb3 Qc7
15. Bd2 Rab8 16. c5 Be7 17. Bf4 Qd8 18. Bxb8 Qxb8 19. Rad1 Bf6 20. Rfe1 Re8 21.
d5 exd5 22. Bxd5+ Kh8 23. Be6 Bxe6 24. Rxe6 Rd8 25. Rxd8+ Qxd8 26. Qd3 Kg8 27.
Qxd8+
1-0

[Event "Åpent Hordalandsmesterskap NGP"]
[Site "Bergen"]
[Date "2013.05.31"]
[Round "2"]
[White "Berstad, Jørund"]
[Black "Grønnestad, Anita"]
[Result "0-1"]
[WhiteElo "1679"]
[BlackElo "1900"]
[PlyCount "71"]
[EventDate "2013.??.??"]

1. d4 d6 2. e4 g6 3. Nc3 Bg7 4. Nf3 c6 5. a4 a5 6. h3 Nf6 7. Be3 O-O 8. Qd2 Re8
9. Be2 Na6 10. Rd1 Nb4 11. d5 Qc7 12. Bd4 cxd5 13. exd5 Bf5 14. Rc1 Nxc2+ 15.
Rxc2 Bxc2 16. Qxc2 Nxd5 17. Bxg7 Kxg7 18. Nd4 Nf4 19. Bf1 e5 20. Ndb5 Qc6 21.
Rg1 d5 22. g3 Ne6 23. Qd2 d4 24. Ne2 Rad8 25. Qxa5 d3 26. Bg2 Qc2 27. Qd2 Qxd2+
28. Kxd2 dxe2+ 29. Kxe2 e4 30. Nc3 Nd4+ 31. Ke3 f5 32. Rc1 Nb3 33. Re1 Kf6 34.
h4 Rd3+ 35. Kf4 Nd4 36. Bh3
0-1

[Event "Åpent Hordalandsmesterskap NGP"]
[Site "Bergen"]
[Date "2013.05.31"]
[Round "2"]
[White "Bue, Gunnar"]
[Black "Mørkedal, Øyvind"]
[Result "0-1"]
[WhiteElo "1478"]
[BlackElo "1339"]
[PlyCount "50"]
[EventDate "2013.??.??"]

1. d4 Nf6 2. c4 e6 3. Nf3 d5 4. e3 c5 5. Nc3 Nc6 6. a3 cxd4 7. exd4 dxc4 8.
Bxc4 Bd6 9. O-O O-O 10. Be3 a6 11. Rc1 b5 12. Bd3 Bb7 13. Ne4 Be7 14. Nc5 Bxc5
15. Rxc5 Ne7 16. Rg5 Be4 17. Be2 Rc8 18. Rc5 Qd7 19. Nd2 Bb7 20. Qc2 Nf5 21.
Nb3 Nxe3 22. fxe3 Ne4 23. Rxc8 Rxc8 24. Qb1 Qd5 25. Bf3 Qxb3
0-1

[Event "Åpent Hordalandsmesterskap NGP"]
[Site "Bergen"]
[Date "2013.05.31"]
[Round "2"]
[White "Haldorsen, Benjamin"]
[Black "Nilsen, Martin"]
[Result "1-0"]
[WhiteElo "1900"]
[BlackElo "1762"]
[PlyCount "53"]
[EventDate "2013.??.??"]

1. e4 e5 2. Nf3 Nc6 3. Bb5 Nf6 4. d3 d6 5. Nbd2 Be7 6. c3 a6 7. Bxc6+ bxc6 8.
d4 exd4 9. cxd4 d5 10. Qc2 dxe4 11. Nxe4 O-O 12. O-O Nxe4 13. Qxe4 Be6 14. Re1
Re8 15. Qxc6 Bd5 16. Qc3 Bxf3 17. Qxf3 Qxd4 18. Rxe7 Red8 19. Bd2 f6 20. Bc3
Qd6 21. Rae1 Rab8 22. Qg4 g6 23. Qc4+ Qd5 24. Re8+ Kg7 25. R1e7+ Kh6 26. Bd2+
Qg5 27. Qh4#
1-0

[Event "Åpent Hordalandsmesterskap NGP"]
[Site "Bergen"]
[Date "2013.05.31"]
[Round "2"]
[White "Sivertsen, Tom Andre"]
[Black "Dyrhovden, Sigve"]
[Result "1/2-1/2"]
[WhiteElo "1435"]
[BlackElo "1549"]
[PlyCount "91"]
[EventDate "2013.??.??"]

1. d4 Nf6 2. c4 e6 3. Nc3 d5 4. e3 Be7 5. Nf3 O-O 6. Be2 dxc4 7. Bxc4 Bb4 8.
O-O Bxc3 9. bxc3 b6 10. Bb2 Bb7 11. Bb3 Nbd7 12. Re1 c5 13. Nd2 cxd4 14. cxd4
b5 15. Rc1 Ne4 16. Nxe4 Bxe4 17. f3 Bb7 18. Qe2 Qb6 19. Kh1 Rfc8 20. e4 Rxc1
21. Rxc1 Rc8 22. Qd2 Rxc1+ 23. Qxc1 Qc6 24. Qxc6 Bxc6 25. Kg1 Nb6 26. Kf2 Kf8
27. Bc3 Nc4 28. Ke2 Ke7 29. Kd3 Nb6 30. g4 f6 31. h4 g5 32. hxg5 fxg5 33. Bd2
h6 34. f4 Nc4 35. Bxc4 bxc4+ 36. Kxc4 Bxe4 37. fxg5 hxg5 38. Bxg5+ Kd6 39. Bf4+
Kc6 40. a3 Bf3 41. g5 Be4 42. Kc3 Kd5 43. Be5 a6 44. Kb4 Kc6 45. Kc3 Kd5 46.
Kb4
1/2-1/2

[Event "Åpent Hordalandsmesterskap NGP"]
[Site "Bergen"]
[Date "2013.05.31"]
[Round "2"]
[White "Hjortås, Olav"]
[Black "Hølleland, Sigve"]
[Result "0-1"]
[WhiteElo "1435"]
[BlackElo "1633"]
[PlyCount "40"]
[EventDate "2013.??.??"]

1. e4 Nf6 2. e5 Nd5 3. d4 d6 4. exd6 exd6 5. h3 Be7 6. Nf3 O-O 7. Bd3 Nb4 8.
Bc4 Bf5 9. Bb3 c5 10. dxc5 dxc5 11. Qe2 Re8 12. O-O N8c6 13. a3 Bd6 14. Bxf7+
Kxf7 15. Ng5+ Qxg5 16. Qxe8+ Rxe8 17. Bxg5 Nxc2 18. Ra2 Be6 19. b3 Bxb3 20. Rb2
c4
0-1

[Event "Åpent Hordalandsmesterskap NGP"]
[Site "Bergen"]
[Date "2013.05.31"]
[Round "2"]
[White "Tjensvoll, Tore"]
[Black "Martinsen, Stig K."]
[Result "0-1"]
[WhiteElo "1873"]
[BlackElo "2135"]
[PlyCount "72"]
[EventDate "2013.??.??"]

1. d4 d6 2. c4 f5 3. g3 Nf6 4. Bg2 g6 5. Nc3 Bg7 6. Nh3 O-O 7. O-O Nc6 8. f3 e5
9. d5 Ne7 10. e4 c6 11. Kh1 h6 12. b4 g5 13. Qb3 Kh8 14. Ba3 cxd5 15. exd5 f4
16. g4 e4 17. fxe4 Nxg4 18. Ng1 Ne3 19. Rf2 Ng6 20. Bb2 Ne5 21. c5 g4 22. Nd1
Nxd1 23. Rxd1 Qh4 24. Rc2 f3 25. Bf1 g3 26. Bxe5 g2+ 27. Bxg2 fxg2+ 28. Rxg2
Bxe5 29. Nf3 Qxe4 30. Nxe5 Qxe5 31. Qb2 Qxb2 32. Rxb2 Bg4 33. Rd4 Bf3+ 34. Kg1
Rae8 35. Rdd2 Re1+ 36. Kf2 Re5
0-1

[Event "Åpent Hordalandsmesterskap NGP"]
[Site "Bergen"]
[Date "2013.05.31"]
[Round "2"]
[White "Kyrkjebø, Hanna B"]
[Black "Woldseth, Ole"]
[Result "0-1"]
[WhiteElo "1567"]
[BlackElo "1994"]
[PlyCount "146"]
[EventDate "2013.??.??"]

1. e4 c6 2. d4 d5 3. e5 Bf5 4. Nf3 e6 5. Be2 Nd7 6. O-O Ne7 7. Be3 c5 8. c4 Bg4
9. Nfd2 cxd4 10. Bxd4 Bxe2 11. Qxe2 Nc6 12. Qe3 Nxd4 13. Qxd4 Bc5 14. Qf4 O-O
15. Nc3 Nb6 16. Rfd1 Bb4 17. Qd4 Rc8 18. cxd5 Bxc3 19. bxc3 Nxd5 20. Ne4 Qa5
21. c4 Nf4 22. Ng3 Ng6 23. Re1 Rfd8 24. Qe4 b6 25. Re2 Qc5 26. Rc1 Rd4 27. Qe3
Rxc4 28. Rd1 Rc1 29. Rxc1 Qxc1+ 30. Qxc1 Rxc1+ 31. Nf1 Rc5 32. Rd2 Rxe5 33. Ne3
Nf8 34. g3 Ra5 35. Nc4 Rd5 36. Re2 Nd7 37. Ne3 Rd4 38. Rc2 Nc5 39. Nc4 h5 40.
h4 g6 41. Ne5 Kg7 42. Rc3 Rd1+ 43. Kg2 Rd2 44. a3 Rxf2+ 45. Kxf2 Ne4+ 46. Ke3
Nxc3 47. Nc6 Nd5+ 48. Kd4 a5 49. Ne5 f6 50. Nc4 Kf7 51. Nd6+ Ke7 52. Nb5 Kd7
53. a4 Ne7 54. Ke4 Nf5 55. Kf4 e5+ 56. Kf3 Kc6 57. Nc3 Nd6 58. Ke3 f5 59. Kf3
b5 60. axb5+ Nxb5 61. Na4 Nd4+ 62. Ke3 Kd6 63. Nc3 Ne6 64. Kd3 Nc5+ 65. Ke3 a4
66. Nb5+ Kc6 67. Na3 Kd5 68. Nb5 Kc4 69. Na3+ Kb3 70. Nb1 Ne4 71. Kd3 Kb2 72.
Nd2 Nxd2 73. Kxd2 a3
0-1

[Event "Åpent Hordalandsmesterskap NGP"]
[Site "Bergen"]
[Date "2013.05.31"]
[Round "2"]
[White "Lie, Terje"]
[Black "Rasmussen, Jonas H"]
[Result "1-0"]
[WhiteElo "1383"]
[BlackElo "1624"]
[PlyCount "202"]
[EventDate "2013.??.??"]

1. d4 Nf6 2. c4 c5 3. d5 b5 4. f3 g6 5. e4 d6 6. Bd3 Bg7 7. Ne2 O-O 8. O-O Qb6
9. Nbc3 a6 10. Be3 b4 11. Na4 Qb7 12. Rb1 Nbd7 13. b3 Ne5 14. Bc2 Bd7 15. Nb2
a5 16. Nd3 Nxd3 17. Bxd3 a4 18. Qd2 axb3 19. axb3 Ra6 20. Bh6 Rfa8 21. Bxg7
Kxg7 22. Rb2 Ra3 23. Rfb1 Bc8 24. h3 Nd7 25. f4 Qa7 26. g4 Nf6 27. e5 Nxd5 28.
exd6 exd6 29. f5 Ne7 30. fxg6 hxg6 31. Nf4 d5 32. Re1 d4 33. Qe2 Nc6 34. Nd5
Be6 35. Nf4 Bd7 36. Be4 Re8 37. Qd2 Ne5 38. Bd5 Qa6 39. Rf1 Bc6 40. Bxc6 Qxc6
41. Nd5 Rh8 42. Qg2 Qd6 43. Rf6 Ra1+ 44. Rf1 Rxf1+ 45. Qxf1 Ra8 46. g5 Nd7 47.
Kg2 Qe5 48. Qf4 Qxf4 49. Nxf4 Ra3 50. Nd3 Kf8 51. Kf3 Ke7 52. Ke4 Kd6 53. Kf4
Nb6 54. Ke4 Ke6 55. Nxc5+ Kd6 56. Kxd4 Ra1 57. Ne4+ Kc6 58. Rd2 Nd7 59. Rd3 Rf1
60. Rg3 Re1 61. Re3 Rf1 62. Rd3 Re1 63. Rf3 Rd1+ 64. Ke3 Ne5 65. Rf6+ Kc7 66.
Nc5 Ra1 67. Ke4 Re1+ 68. Kd5 Kc8 69. Ne4 Nd7 70. Rxf7 Rd1+ 71. Ke6 Re1 72. Rf4
Nc5+ 73. Kd5 Nxb3 74. Nd6+ Kc7 75. Rf7+ Kd8 76. Rb7 Rd1+ 77. Ke5 Re1+ 78. Kf6
Nc5 79. Nf7+ Ke8 80. Rb8+ Kd7 81. Ne5+ Kd6 82. Rb6+ Kc7 83. Rc6+ Kd8 84. Rxc5
b3 85. Rb5 Rb1 86. Kxg6 b2 87. Nd3 Rh1 88. Rxb2 Rxh3 89. Ne5 Re3 90. Nf7+ Ke7
91. Rf2 Rc3 92. Rf4 Rc1 93. Ne5 Re1 94. Rf7+ Ke8 95. Nc6 Re6+ 96. Rf6 Re4 97.
c5 Rc4 98. Rf5 Rc1 99. Kf6 Kf8 100. g6 Rg1 101. Ne5 Rc1
1-0

[Event "Åpent Hordalandsmesterskap NGP"]
[Site "Bergen"]
[Date "2013.05.31"]
[Round "3"]
[White "Woldseth, Ole"]
[Black "Kyrkjebø, Erlend"]
[Result "1/2-1/2"]
[WhiteElo "1994"]
[BlackElo "2020"]
[PlyCount "51"]
[EventDate "2013.??.??"]

1. d4 Nf6 2. Nf3 g6 3. Bf4 Bg7 4. e3 O-O 5. Be2 c5 6. c3 b6 7. O-O Bb7 8. a4
Nc6 9. Nbd2 Rc8 10. Nc4 cxd4 11. exd4 Nd5 12. Bg3 Bh6 13. Re1 d6 14. Qb3 Nf4
15. Bf1 Qd7 16. Rad1 Nd8 17. Ne3 Nde6 18. Bb5 Qd8 19. Ng4 Bg7 20. Bc4 Rc7 21.
Ng5 Nxg5 22. Bxf4 Qc8 23. Ne3 Bh6 24. Bg3 Nh3+ 25. gxh3 Bxe3 26. Bd5
1/2-1/2

[Event "Åpent Hordalandsmesterskap NGP"]
[Site "Bergen"]
[Date "2013.05.31"]
[Round "3"]
[White "Bue, Gunnar"]
[Black "Hjortås, Olav"]
[Result "1-0"]
[WhiteElo "1478"]
[BlackElo "1435"]
[PlyCount "71"]
[EventDate "2013.??.??"]

1. d4 Nf6 2. c4 c5 3. e3 g6 4. Nf3 Bg7 5. Bd3 O-O 6. O-O cxd4 7. exd4 d6 8. Nc3
Nbd7 9. Be3 Re8 10. Qd2 e5 11. Be2 Ng4 12. h3 Nxe3 13. fxe3 e4 14. Nh2 f5 15.
g4 Qg5 16. Nd5 Rf8 17. Nc7 fxg4 18. Ne6 Rxf1+ 19. Bxf1 Qe7 20. Nxg7 g3 21. Ng4
h5 22. Nf5 gxf5 23. Nh6+ Kh7 24. Nxf5 Qg5 25. Nxd6 Nf6 26. Bg2 Bf5 27. Nxf5
Qxf5 28. Rf1 Qg5 29. d5 Re8 30. Qd4 Re5 31. Rf4 Rf5 32. Bxe4 Nxe4 33. Qxe4 Kg6
34. d6 Kf6 35. Rxf5+ Qxf5 36. Qxf5+
1-0

[Event "Åpent Hordalandsmesterskap NGP"]
[Site "Bergen"]
[Date "2013.05.31"]
[Round "3"]
[White "Nilsen, Martin"]
[Black "Tjensvoll, Tore"]
[Result "1-0"]
[WhiteElo "1762"]
[BlackElo "1873"]
[PlyCount "73"]
[EventDate "2013.??.??"]

1. e4 d6 2. d4 Nf6 3. Nc3 g6 4. Be3 Bg7 5. Bc4 O-O 6. Nf3 Bg4 7. Qd2 Nc6 8. h3
Bxf3 9. gxf3 e5 10. Ne2 d5 11. exd5 Nxd5 12. Bg5 Nf6 13. d5 Ne7 14. O-O-O Nf5
15. c3 Nd6 16. Bb3 a5 17. Ng3 a4 18. Bc2 Qd7 19. Bxf6 Bxf6 20. Nh5 Bh8 21. Rhg1
Ra6 22. Bd3 Rb6 23. Qc2 f5 24. Rg5 Bg7 25. Nxg7 Qxg7 26. Rg2 Qh6+ 27. Kb1 Qxh3
28. Rg3 Qh4 29. c4 e4 30. Be2 Nf7 31. Rdg1 Ne5 32. c5 Rb4 33. Qc3 Nd3 34. Rxg6+
hxg6 35. Rxg6+ Kf7 36. Qg7+ Ke8 37. Re6+
1-0

[Event "Åpent Hordalandsmesterskap NGP"]
[Site "Bergen"]
[Date "2013.05.31"]
[Round "3"]
[White "Stokke, Kjetil"]
[Black "Merkesvik, Sondre"]
[Result "1-0"]
[WhiteElo "2347"]
[BlackElo "1928"]
[PlyCount "59"]
[EventDate "2013.??.??"]

1. Nf3 Nf6 2. c4 g6 3. Nc3 d5 4. cxd5 Nxd5 5. Qc2 Bg7 6. e4 Nxc3 7. dxc3 O-O 8.
Bg5 c5 9. Nd2 Nc6 10. f3 Qc7 11. Nc4 Ne5 12. Ne3 Be6 13. Be2 a6 14. f4 Nc6 15.
O-O Rad8 16. Rae1 b5 17. f5 Bc8 18. Nd5 Qd6 19. Rd1 Qb8 20. Nxe7+ Nxe7 21. Bxe7
Rxd1 22. Qxd1 Re8 23. f6 Bh6 24. Bg4 Be3+ 25. Kh1 h5 26. Bxh5 gxh5 27. Qxh5 Be6
28. Rf3 Bf4 29. Rg3+ Bxg3 30. Qg5+
1-0

[Event "Åpent Hordalandsmesterskap NGP"]
[Site "Bergen"]
[Date "2013.05.31"]
[Round "3"]
[White "Dyrhovden, Sigve"]
[Black "Hoel, Jørgen"]
[Result "1/2-1/2"]
[WhiteElo "1549"]
[BlackElo "1846"]
[PlyCount "120"]
[EventDate "2013.??.??"]

1. d4 d5 2. c4 c6 3. cxd5 cxd5 4. Nc3 Nc6 5. Bf4 Nf6 6. e3 Qa5 7. Bb5 Bf5 8.
Nf3 Ne4 9. Bxc6+ bxc6 10. Qb3 Nxc3 11. bxc3 e6 12. Ne5 Qa6 13. g4 Be4 14. f3
Bg6 15. Nxg6 hxg6 16. Rb1 Be7 17. g5 O-O 18. a4 Qd3 19. Rd1 Qf5 20. h4 f6 21.
Qb1 fxg5 22. Qxf5 Rxf5 23. hxg5 Bxg5 24. Bxg5 Rxg5 25. Kf2 Rf5 26. Rb1 Raf8 27.
Rh3 g5 28. Rg3 e5 29. dxe5 Rxe5 30. Rb7 a5 31. Rg1 Ref5 32. Rg3 R5f7 33. Rb6
Rf6 34. Rb7 R8f7 35. Rb8+ Kh7 36. Rb6 g4 37. f4 g5 38. Rxg4 gxf4 39. exf4 Rxf4+
40. Rxf4 Rxf4+ 41. Ke3 Rc4 42. Kd3 Rc5 43. Kd4 Rc4+ 44. Kd3 Kg6 45. Ra6 Rxa4
46. Rxc6+ Kf5 47. c4 Ke5 48. cxd5 Kxd5 49. Ra6 Kc5 50. Kc3 Kb5 51. Ra8 Ra3+ 52.
Kb2 Rh3 53. Rg8 Rh4 54. Rg3 Kb4 55. Kb1 a4 56. Ka1 Rf4 57. Rh3 a3 58. Rh8 Kb3
59. Rb8+ Rb4 60. Rxb4+ Kxb4
1/2-1/2

[Event "Åpent Hordalandsmesterskap NGP"]
[Site "Bergen"]
[Date "2013.05.31"]
[Round "3"]
[White "Mørkedal, Øyvind"]
[Black "Haldorsen, Benjamin"]
[Result "0-1"]
[WhiteElo "1339"]
[BlackElo "1900"]
[PlyCount "40"]
[EventDate "2013.??.??"]

1. e4 e5 2. Nf3 Nc6 3. Bb5 a6 4. Ba4 Nf6 5. O-O Nxe4 6. d4 b5 7. Bb3 d5 8. dxe5
Be6 9. c3 Bc5 10. Bf4 g5 11. Bg3 h5 12. Nd4 h4 13. Nxc6 hxg3 14. Nd4 gxf2+ 15.
Rxf2 Nxf2 16. Kxf2 g4 17. g3 Rxh2+ 18. Kg1 Rh3 19. Kg2 Qg5 20. Nc6 Qe3
0-1

[Event "Åpent Hordalandsmesterskap NGP"]
[Site "Bergen"]
[Date "2013.05.31"]
[Round "3"]
[White "Martinsen, Stig K."]
[Black "Hølleland, Sigve"]
[Result "1-0"]
[WhiteElo "2135"]
[BlackElo "1633"]
[PlyCount "35"]
[EventDate "2013.??.??"]

1. d4 Nf6 2. Nf3 g6 3. Nc3 Bg7 4. e4 d6 5. Be3 O-O 6. Qd2 Nbd7 7. O-O-O c6 8.
Bh6 Qa5 9. Bd3 b5 10. Kb1 Nb6 11. e5 Nfd7 12. Nd5 Qa6 13. Nxe7+ Kh8 14. h4 Nc4
15. Bxc4 bxc4 16. h5 c3 17. Bxg7+ Kxg7 18. Qh6+ 
1-0

[Event "Åpent Hordalandsmesterskap NGP"]
[Site "Bergen"]
[Date "2013.05.31"]
[Round "3"]
[White "Våge, Edvard"]
[Black "Andås, Kjetil"]
[Result "1-0"]
[WhiteElo "1474"]
[BlackElo "1492"]
[PlyCount "105"]
[EventDate "2013.??.??"]

1. e4 e5 2. Nf3 Nc6 3. d4 exd4 4. Nxd4 Nf6 5. Nxc6 bxc6 6. e5 Qe7 7. Qe2 Nd5 8.
c4 Ba6 9. Nd2 g6 10. b3 Bg7 11. Bb2 O-O-O 12. O-O-O Rhe8 13. Nf3 Nb6 14. g3 d5
15. Qe3 dxc4 16. Rxd8+ Rxd8 17. Nd2 Kb8 18. Nxc4 Nxc4 19. Bxc4 Bxc4 20. bxc4
Qb4 21. Qb3 Qb6 22. Rd1 Rxd1+ 23. Kxd1 Kc8 24. Qxb6 cxb6 25. Kd2 Kd7 26. Ke3
Ke6 27. f4 Bf8 28. g4 h5 29. gxh5 gxh5 30. Ke4 b5 31. f5+ Kd7 32. cxb5 cxb5 33.
Kd5 a6 34. e6+ fxe6+ 35. fxe6+ Ke8 36. Kc6 Bb4 37. Bf6 Bd2 38. Kb6 b4 39. Kxa6
Bc3 40. Bh4 Bd4 41. Kb5 Bc3 42. Kc4 Bd2 43. Kd3 Bc3 44. Ke4 Bg7 45. Kf5 Bf8 46.
Kg6 Be7 47. Kxh5 Bd6 48. h3 Kf8 49. Kg6 Bc5 50. Bf6 Bf2 51. h4 Bxh4 52. Bxh4
Ke8 53. Kf5
1-0

[Event "Åpent Hordalandsmesterskap NGP"]
[Site "Bergen"]
[Date "2013.05.31"]
[Round "3"]
[White "Lie, Terje"]
[Black "Strand, Øyvin"]
[Result "0-1"]
[WhiteElo "1383"]
[BlackElo "1811"]
[PlyCount "98"]
[EventDate "2013.??.??"]

1. d4 d5 2. c4 e6 3. Nf3 f5 4. e3 Nf6 5. Nc3 c6 6. a3 Bd6 7. cxd5 exd5 8. b4 a6
9. Be2 O-O 10. O-O Ne4 11. Qc2 Nd7 12. Nd2 Ndf6 13. Ndxe4 fxe4 14. f4 exf3 15.
Bxf3 Ng4 16. g3 Qe7 17. e4 dxe4 18. Qxe4 Qf7 19. Be2 Nf6 20. Qg2 Be6 21. Bf4
Qd7 22. Qf2 Bxf4 23. gxf4 Nd5 24. Nxd5 cxd5 25. Qe3 Rf6 26. Rf2 Re8 27. Qd2 Bh3
28. Bf1 Re4 29. Re1 Qg4+ 30. Bg2 Bxg2 31. Rxg2 Qxf4 32. Qxf4 Rxe1+ 33. Kf2
Rxf4+ 34. Kxe1 Rxd4 35. Rg3 Kf7 36. Re3 Rh4 37. h3 Re4 38. Ke2 Ke6 39. Kd2 Rxe3
40. Kxe3 Ke5 41. a4 g5 42. b5 axb5 43. axb5 b6 44. Kd3 h5 45. Ke3 g4 46. hxg4
hxg4 47. Kd3 g3 48. Ke3 d4+ 49. Kf3 d3
0-1

[Event "Åpent Hordalandsmesterskap NGP"]
[Site "Bergen"]
[Date "2013.05.31"]
[Round "3"]
[White "Kyrkjebø, Marte B"]
[Black "Berstad, Jørund"]
[Result "1-0"]
[WhiteElo "1568"]
[BlackElo "1679"]
[PlyCount "43"]
[EventDate "2013.??.??"]

1. e4 c5 2. Nc3 Nc6 3. Bb5 g6 4. Bxc6 bxc6 5. f4 Bg7 6. d3 d6 7. Nf3 Bg4 8. h3
Bxf3 9. Qxf3 Rb8 10. O-O Qa5 11. e5 d5 12. f5 Bxe5 13. fxg6 Nf6 14. gxf7+ Kxf7
15. Qh5+ Ke6 16. Qf5+ Kd6 17. Re1 Nd7 18. Rxe5 Nxe5 19. Bf4 e6 20. Bxe5+ Ke7
21. Qf6+ Kd7 22. Qg7+
1-0